000 02034cam a22004694i 4500
003 PE-LiUPU
005 20250731184523.0
008 150617s r 000 0 d
035 _a(Sirsi) a18801
040 _aPE-LiUPU
_bspa
_cPE-LiUPU
_erda
049 _aPRUA
082 0 4 _a985.6178
_bH71
_221
100 1 _aHolzmann, Rodolfo,
_eautor.
245 1 0 _aQ'ero, pueblo y música.
264 1 _aLima :
_bPatronato Popular y Porvenir Pro Música Clásica,
_c1986.
300 _a398 páginas partituras ;
_c22 cm
336 _atext
_2rdacontent
337 _aunmediated
_2rdamedia
338 _avolume
_2rdacarrier
505 0 _aEl hombre y su familia; su matrimonio y organización político-social en Q'ero -- Reconocimiento geográfico de Q'ero -- Informe sobre el viaje a Q'ero -- Relaciones del trabajo entre el patrón y los colonos en los fundos de la provincia de Paucartambo -- El milenario mundo de los Q'eros -- Los incas -- El kepke, el nacac y el machu, supersticiones indígenas -- Del folklore calqueño: la extraña danza de los ucucuc -- Un instrumento musical de Parakas y Q'ero -- Mitos quechuas pos-hispánicos -- Un nuevo mito de fundación del imperio -- El aullu de Qqeros-Paucartambo.
526 _aP136
526 _aP135
526 _aP134
526 _aP133
526 _aP144
526 _aP143
526 _aP87
526 _aP35
526 _aP20
526 _aP14
526 _aP10
526 _aP06
650 0 4 _aPERU
_xMUSICA INDIGENA.
650 0 4 _aQ'ERO (COMUNIDAD DE PAUCARTAMBO)
_xMUSICA.
910 _ajck
_bjvq
_cjck
_d20150616
942 _2ddc
_cBOOK
949 _a985.6178 H71
_wDEWEY
_c1
_i37404
_lCCODEBUL1
_mBUL
_p00.00
_r0
_sY
_tBOOK
_u19950227
_xEDUCACION
_zUNKNOWN
_0COMPRA
_o.STAFF. Colección General
994 _aC0
_bPEPRU
596 _a1
999 _a985.6178 H71
_wDEWEY
_c18534
_i37404
_f2021-11-8
_g4
_lCCODEBUL1
_mBUL
_r0
_sY
_tBOOK
_u2015-6-17
_xBIBLIOTECA
_zUNKNOWN
_0COMPRA
_o.STAFF. Colección General
_d18534
980 _81
_gALBERTO SANCHEZ Responsable de Automatización